Sports teaching materials ; audio-visual resource list /

Bibliographic Details
Corporate Author: American Association for Health, Physical Education, and Recreation. Division for Girls and Women's Sports
Other Authors: Fish, Marjorie E., Bernhard, Frederica
Format: Book
Language:English
Published: Washington, [publisher not identified] ; [1957]
Subjects:

MARC

Tag First Indicator Second Indicator Subfields
LEADER 00000cam a2200000 4500
001 in00000036410
005 20151007060845.0
008 781122s1957 dcu 00000 eng
010 |a  57004122  
035 |a (OCoLC)04396015 
035 |9 AAD0399AM 
040 |a DLC  |c KSU  |d TXA  |d UtOrBLW 
049 |a TXAM 
050 0 |a GV361  |b .A55 1957 
092 |a 796.084  |b A512s 
110 2 |a American Association for Health, Physical Education, and Recreation.  |b Division for Girls and Women's Sports. 
245 1 0 |a Sports teaching materials ;  |b audio-visual resource list /  |c Editors: Marjorie E. Fish and Frederica Bernhard. 
264 1 |a Washington,  |b [publisher not identified] ;  |c [1957] 
300 |a 67 pages ;  |c 22 cm. 
336 |a text  |b txt  |2 rdacontent 
337 |a unmediated  |b n  |2 rdamedia 
338 |a volume  |b nc  |2 rdacarrier 
500 |a "[Revises and brings] up to date the materials in the former NSGWS card catalogue, Sports teaching aids: audio-visual ... published on 3" x 5" file cards." 
500 |a Published by the division under its earlier name: National Section for Girls and Women's Sports. 
650 0 |a Physical education and training  |x Audio-visual aids. 
700 1 |a Fish, Marjorie E. 
700 1 |a Bernhard, Frederica. 
999 |a MARS 
999 f f |s eac55a04-4e64-3936-8edb-6071eea2e19d  |i ea3cc075-72a7-39e2-a9d5-5abb0099dfa1  |t 0 
952 f f |p ric  |a Texas A&M University  |b Rellis Campus  |c Joint Library Facility  |d Remote Storage  |t 0  |e GV361 .A55 1957  |h Library of Congress classification  |i unmediated -- volume  |m A14801183604 
998 f f |a GV361 .A55 1957  |t 0  |l Remote Storage